00487nam a2200169Ia 4500008004100000082001100041100003000052245003200082250000800114260002500122300001000147500002400157650001200181942000700193952010000200999001700300230524s9999 xx 000 0 und d a4bKAN aYashavant Kanitkar917310 0aUnderstanding Pointers In C a1ST aNEW DELHIbBPBc1997 aX;311 aQuantity Number: 1 aComp-Sc cBK 00104070aTATCLbTATCLcGENd2023-05-24l0o004 KANp4307r2023-05-24w2023-05-24yBKzBE2105 c26148d26148